Đất và người Thái Bình Quyển 1
Tóm tắt: Thời Hùng Vương mở nước; Thái Bình trong thiên niên kỷ I; Thái Bình - quê hương Lý Bí và cuộc khởi nghĩa Lý Bí ở Thái Bình; Thái Bình trong cuộc đấu tranh giành quyền tự chủ; Thái Bình thời Lý Trần; dưới vương triều Lê....
Bewaard in:
| Hoofdauteur: | |
|---|---|
| Formaat: | Boek |
| Taal: | Undetermined |
| Gepubliceerd in: |
H.
Sân khấu
2019
|
| Onderwerpen: | |
| Online toegang: | http://lrc.tdmu.edu.vn/opac/search/detail.asp?aID=2&ID=40558 |
| Tags: |
Voeg label toe
Geen labels, Wees de eerste die dit record labelt!
|
| Thư viện lưu trữ: | Trung tâm Học liệu Trường Đại học Thủ Dầu Một |
|---|
| LEADER | 01048nam a2200217Ia 4500 | ||
|---|---|---|---|
| 001 | TDMU_40558 | ||
| 008 | 210410s9999 xx 000 0 und d | ||
| 082 | |a 332.042 | ||
| 090 | |b PH104 | ||
| 100 | |a Phạm, Minh Đức | ||
| 245 | 0 | |a Đất và người Thái Bình | |
| 245 | 0 | |c Phạm Minh Đức, Bùi Duy Lan | |
| 245 | 0 | |n Quyển 1 | |
| 260 | |a H. | ||
| 260 | |b Sân khấu | ||
| 260 | |c 2019 | ||
| 300 | |a 639 tr | ||
| 520 | |a Tóm tắt: Thời Hùng Vương mở nước; Thái Bình trong thiên niên kỷ I; Thái Bình - quê hương Lý Bí và cuộc khởi nghĩa Lý Bí ở Thái Bình; Thái Bình trong cuộc đấu tranh giành quyền tự chủ; Thái Bình thời Lý Trần; dưới vương triều Lê. | ||
| 650 | |a Lịch sử |z Thái Bình (Việt Nam); Thái Bình |z Lịch sử | ||
| 856 | |u http://lrc.tdmu.edu.vn/opac/search/detail.asp?aID=2&ID=40558 | ||
| 980 | |a Trung tâm Học liệu Trường Đại học Thủ Dầu Một | ||